000 00264nam a22001097a 4500
008 170125b xxu||||| |||| 00| 0 eng d
020 _a9781437707502
041 _aeng
080 _25TH
_a618.2
245 _aUNDERSTANDING NURSING RESEARCH
_cBURNS, N
942 _2udc
_cBK
999 _c3660
_d3660